| 000 | 004660000a22001810004500 | ||
|---|---|---|---|
| 003 | MACL | ||
| 005 | 20150813134825.0 | ||
| 008 | 150813b xxu||||| |||| 00| 0 eng d | ||
| 040 |
_aMACL _cMACL |
||
| 041 | _aEnglish | ||
| 082 | _a403 | ||
| 100 |
_aHingorani, Anand T _95290 |
||
| 245 | _aThe Encyclopaedia Of Gandhian Thoughts | ||
| 260 |
_bAll India Congress Committee _c1985 _aNew Delhi |
||
| 350 | _a100 | ||
| 650 |
_aEncyclopaedia _95291 |
||
| 942 |
_cBK _k403 _2ddc |
||
| 999 |
_c6070 _d6070 |
||